[Event "New York State-ch 138th"]
[Site "Colonie"]
[Date "2016.09.05"]
[Round "6"]
[White "Zeltsah, Joseph"]
[Black "Qu, Zhi"]
[Result "0-1"]
[WhiteElo "2254"]
[BlackElo "2234"]
[PlyCount "136"]
[EventDate "2016.09.02"]
[EventType "swiss"]
[EventRounds "6"]
[EventCountry "USA"]
[SourceTitle "CBM 174 Extra"]
[Source "ChessBase"]
[SourceDate "2016.10.10"]
[SourceVersion "1"]
[SourceVersionDate "2016.10.10"]
[SourceQuality "1"]

1. e4 c5 2. Nf3 Nc6 3. d4 cxd4 4. Nxd4 e6 5. Nc3 Nf6 6. Ndb5 d6 7. Bf4 e5 8. Bg5 a6 9. Na3 b5 10. Nd5 Be7 11. Bxf6 Bxf6 12. c3 0-0 13. Nc2 Bg5 14. h4 Bh6 15. g3 Ne7 16. Nce3 Bxe3 17. Nxe3 Bb7 18. Bg2 f5 19. Qb3+ Kh8 20. exf5 Bxg2 21. Nxg2 Nxf5 22. 0-0 Qb6 23. Kh1 Qb7 24. Kg1 Rac8 25. Rae1 Rc4 26. Ne3 Nxe3 27. Rxe3 Rf6 28. Qd1 h6 29. Qe2 Rg6 30. h5 Rh4 31. Qf3 Qxf3 32. Rxf3 Rxh5 33. Rf8+ Kh7 34. Rd1 e4 35. Rd8 e3 36. fxe3 Rxg3+ 37. Kf2 Rhg5 38. R1xd6 Rg2+ 39. Kf3 Rxb2 40. Rxa6 Rc2 41. Rd3 Rc5 42. Ra5 Rf5+ 43. Ke4 Rg5 44. Kd4 h5 45. e4 h4 46. a4 Ra2 47. Rxb5 Rxa4+ 48. Rb4 Ra6 49. c4 Rd6+ 50. Kc3 Re6 51. Kd4 Rg4 52. Re3 Rh6 53. Rbb3 Rg1 54. c5 Re6 55. Rb6 Rd1+ 56. Kc4 Re8 57. Rd6 Rh1 58. c6 h3 59. Rdd3 h2 60. Rh3+ Kg8 61. Kd5 Rd8+ 62. Ke6 Rxd3 63. Rxd3 Rc1 64. Rh3 h1Q 65. Rxh1 Rxh1 66. c7 Rc1 67. Kd7 Kf7 68. Kd6 Kf6 0-1